000 00873nam a22002057a 4500
005 20250813180141.0
008 230202b ||||| |||| 00| 0 eng d
020 _a9788195037384
040 _cAL
041 _aEnglish
082 _a320.80954
_bABHP
100 _aAbhijit Anil Pilkhane
_970618
245 _aPanchayatiraj and Rural Develpment
260 _aJaipur
_b Satyam Publishers and Distributors
_c2022
300 _a219P.
_bHB
_c23x14cm.
365 _2General
_a22
_b₹1237.00
_d₹1695.00
_e27%
_f16-09-2022
520 _aHistorical Back group;Role of Womens in Panchayati Raj;Panchayati Raj;Importance and value Democracy ;Political Atmosphere and Womens Role ;Political Participation of Women;Impact of Panchayati Raj Act,1992 on Women Political Empowerment;Rural Economics;Rural Development ;Bibliography.
650 _2Political science
942 _2ddc
_cBK
999 _c226533
_d226533